000 00204 a2200097 4500
001 956
100 _aTerman,F.E.
245 _aRadio engineer's Handbook
260 _a
_bMcgraw-Hill
_c
090 _c546
_d546
942 _aNUST-CAE
_cM
_c31889
999 _c236029
_d236029